The information tsunami : A futurist looks back

Wedi'i Gadw mewn:
Manylion Llyfryddiaeth
Prif Awdur: Lecht, Charley
Fformat: Llyfr
Iaith:Undetermined
Cyhoeddwyd: San Mateo, Calif. IDG Books Worldwide 1992
Pynciau:
Tagiau: Ychwanegu Tag
Dim Tagiau, Byddwch y cyntaf i dagio'r cofnod hwn!
Thư viện lưu trữ: Trung tâm Học liệu Trường Đại học Cần Thơ
LEADER 00569nam a2200193Ia 4500
001 CTU_87723
008 210402s9999 xx 000 0 und d
082 |a 338.47004 
082 |b L358 
100 |a Lecht, Charley 
245 4 |a The information tsunami : 
245 2 |b A futurist looks back 
245 0 |c Charley Lecht ; foreword by Patrick J. McGovern. 
260 |a San Mateo, Calif. 
260 |b IDG Books Worldwide 
260 |c 1992 
650 |a Computers,Information technology 
904 |i Năm 
980 |a Trung tâm Học liệu Trường Đại học Cần Thơ